| 000 | 00367nam a2200133Ia 4500 | ||
|---|---|---|---|
| 008 | 220217s9999||||xx |||||||||||||| ||und|| | ||
| 020 | _a81-315-0194-9 | ||
| 082 | _a621.392 HWA | ||
| 100 |
_aHwang, Enoch, O _96055 |
||
| 245 | 0 | _aDigital logic and microprocessor design with VHDL | |
| 260 |
_aThomson books _bAustralia _c2007 |
||
| 300 | _b350 | ||
| 650 | _aVHDL | ||
| 999 |
_c177383 _d177383 |
||